Zwycięscy Turnieju Czterech Skoczni w XXI wieku - Statystyki

Ogólne statystyki
  • Ten quiz został rozwiązany 129 razy
  • Średni wynik to 22 z 27
Statystyki odpowiedzi
Sezon Narodowość Skoczek % Poprawnych
2016/2017 Polska Kamil Stoch
100%
2017/2018 Polska Kamil Stoch
100%
2020/2021 Polska Kamil Stoch
100%
2000/2001 Polska Adam Małysz
99%
2018/2019 Japonia Ryōyū Kobayashi
98%
2021/2022 Japonia Ryōyū Kobayashi
98%
2023/2024 Japonia Ryōyū Kobayashi
98%
2019/2020 Polska Dawid Kubacki
97%
2014/2015 Austria Stefan Kraft
94%
2015/2016 Słowenia Peter Prevc
93%
2002/2003 Finlandia Janne Ahonen
89%
2004/2005 Finlandia Janne Ahonen
89%
2005/2006 Finlandia Janne Ahonen
89%
2007/2008 Finlandia Janne Ahonen
89%
2022/2023 Norwegia Halvor Egner Granerud
88%
2011/2012 Austria Gregor Schlierenzauer
83%
2012/2013 Austria Gregor Schlierenzauer
83%
2010/2011 Austria Thomas Morgenstern
76%
2024/2025 Austria Daniel Tschofenig
75%
Czechy Jakub Janda
75%
2001/2002 Niemcy Sven Hannawald
75%
2009/2010 Austria Andreas Kofler
56%
2013/2014 Austria Thomas Diethart
55%
2008/2009 Austria Wolfgang Loitzl
51%
2006/2007 Norwegia Anders Jacobsen
39%
2003/2004 Norwegia Sigurd Pettersen
35%
1999/2000 Austria Andreas Widhölzl
29%
Nie znaleziono quizów pasujących do podanych kryteriów
Rozkład punktacji
Procent ludzi z każdym wynikiem
Percentyl według liczby udzielonych odpowiedzi
Twoja historia wyników
Nie rozwiązałeś tego quizu